Top 50 najpopularniejszych imion męskich 100-150 - Statystyki

Ogólne statystyki
  • Ten quiz został rozwiązany 212 razy
  • Średni wynik to 20 z 51
Statystyki odpowiedzi
ile nadawano miejsce imię % Poprawnych
23,153 100 Natan
56%
8,384 135 Aleks
53%
19,184 106 Olaf
53%
18,525 108 Bolesław
49%
12,353 121 Kornel
49%
14,939 115 Albert
48%
18,923 107 Remigiusz
47%
21,632 103 Wacław
47%
20,581 105 Borys
45%
21,621 104 Bronisław
45%
6,550 145 Cyprian
45%
16,196 112 Bruno
44%
7,924 137 Dorian
44%
14,273 117 Gracjan
44%
5,232 150 Iwo
44%
8,799 133 Juliusz
44%
7,721 139 Klaudiusz
44%
14,756 116 Lucjan
44%
9,679 131 Feliks
43%
10,158 128 Bogumił
42%
5,635 149 Florian
42%
6,856 143 Konstanty
42%
21,895 102 Ksawery
42%
16,721 111 Kuba
42%
10,497 125 Ludwik
42%
8,277 136 Teodor
42%
23,026 101 Lech
41%
11,325 122 Ernest
40%
15,015 114 Tobiasz
39%
7,085 141 Alojzy
38%
15,030 113 Edmund
38%
18,083 109 Kajetan
38%
13,826 118 Seweryn
38%
11,089 123 Alfred
36%
7,365 140 Nataniel
36%
6,929 142 Gustaw
35%
6,770 144 Mieszko
35%
6,051 147 Brajan
34%
13,767 119 Romuald
34%
6,262 146 Benedykt
33%
17,586 110 Bernard
33%
13,052 120 Szczepan
33%
10,199 127 Jędrzej
32%
9,316 132 Leonard
32%
7,881 138 Milan
32%
10,282 126 Lesław
30%
9,874 129 Konstantyn
28%
6,039 148 Rajmund
28%
8,555 134 Denis
26%
9,688 130 Gerard
25%
11,056 124 Joachim
22%
Nie znaleziono quizów pasujących do podanych kryteriów
Rozkład punktacji
Procent ludzi z każdym wynikiem
Percentyl według liczby udzielonych odpowiedzi
Twoja historia wyników
Nie rozwiązałeś tego quizu